Football : Parcours PSG Ligue des champions 2025 - Statistiques

Statistiques générales
  • Ce quiz a été pris 1 254 fois
  • Le résultat moyen est 14 sur 17
Statistiques - réponses
Tour Score Adversaire % Correct
Finale Victoire 5-0 Inter Milan
97%
Demies Victoire 2-1 Arsenal
95%
Demies Victoire 1-0 Arsenal
94%
Barrages Victoire 7-0 Stade Brestois
94%
Huitièmes Défaite 1-0 Liverpool
93%
Huitièmes Victoire 1-0 Liverpool
93%
Quarts Victoire 3-1 Aston Villa
92%
Quarts Défaite 3-2 Aston Villa
92%
Barrages Victoire 3-0 Stade Brestois
92%
Ligue Victoire 4-2 Manchester City
90%
Ligue Victoire 1-0 Girona
80%
Ligue Défaite 2-0 Arsenal
78%
Ligue Défaite 2-1 Atletico Madrid
78%
Ligue Défaite 1-0 Bayern
73%
Ligue Nul 1-1 PSV
71%
Ligue Victoire 4-1 Stuttgart
69%
Ligue Victoire 3-0 RB Salzbourg
58%
Aucun quiz correspondant
Distribution des résultats
% des personnes avec chaque résultat
Percentile par nombre de réponses
Votre historique - résultats
Vous n’avez pas pris ce quiz